Computers in engineering 1988 (Record no. 574909)

000 -LEADER
fixed length control field 00399nam a22001697a 4500
003 - CONTROL NUMBER IDENTIFIER
control field CEME
005 - DATE AND TIME OF LATEST TRANSACTION
control field 20260108175756.0
008 - FIXED-LENGTH DATA ELEMENTS--GENERAL INFORMATION
fixed length control field 210317b xxu||||| |||| 00| 0 eng d
040 ## - CATALOGING SOURCE
Transcribing agency .
082 ## - DEWEY DECIMAL CLASSIFICATION NUMBER
Classification number 620.00113-P COM'A
100 ## - MAIN ENTRY--PERSONAL NAME
Personal name Asme
9 (RLIN) 2951
245 ## - TITLE STATEMENT
Title Computers in engineering 1988
250 ## - EDITION STATEMENT
Edition statement VOLUME TWO AND THREE
260 ## - PUBLICATION, DISTRIBUTION, ETC.
Place of publication, distribution, etc. NEWYORK
Name of publisher, distributor, etc. ASME
Date of publication, distribution, etc. 1988
300 ## - PHYSICAL DESCRIPTION
Extent 608P
942 ## - ADDED ENTRY ELEMENTS (KOHA)
Koha item type Book
Source of classification or shelving scheme
Holdings
Withdrawn status Lost status Source of classification or shelving scheme Damaged status Not for loan Permanent Location Current Location Shelving location Date acquired Full call number Barcode Date last seen Price effective from Koha item type Public note Total Checkouts
          College of Electrical & Mechanical Engineering (CEME) College of Electrical & Mechanical Engineering (CEME) General Stacks 07/31/2017 620.00113-P COM'A CEME-27314 06/28/2021 06/28/2021 Book 4.0  
          College of Electrical & Mechanical Engineering (CEME) College of Electrical & Mechanical Engineering (CEME) General Stacks 01/08/2026 620.00113-P COM'A CEME-27315 01/08/2026 01/08/2026 Book 4.0  
© 2023 Central Library, National University of Sciences and Technology. All Rights Reserved.